| 000 -LEADER |
| fixed length control field |
00698cam a2200193 a 4500 |
| 020 ## - INTERNATIONAL STANDARD BOOK NUMBER |
| ISBN |
088167964X |
| 040 ## - CATALOGING SOURCE |
| Transcribing agency |
DLC |
| 082 00 - DEWEY DECIMAL CLASSIFICATION NUMBER |
| Classification number |
613 NES 1993 A040 Or. |
| 245 00 - TITLE STATEMENT |
| Title |
For a better nutrition in the 21st century / |
| 260 ## - PUBLICATION, DISTRIBUTION, ETC. (IMPRINT) |
| Place of publication |
New York : |
| Name of publisher |
Nestlé Nutrition Services : |
| -- |
Raven Press, |
| Year of publication |
c1993. |
| 300 ## - PHYSICAL DESCRIPTION |
| Number of Pages |
xiv, 258 p. : |
| Other physical details |
ill. ; |
| Dimensions |
25 cm. |
| 500 ## - GENERAL NOTE |
| General note |
"The 27th Nestlé Nutrition Workshop, For a Better Nutrition in the 21st Century, was held at Nestlé Research Centre, Lausanne, Switzerland, September 19-21st, 1990"--P. facing t.p. |
| 650 #0 - SUBJECT ADDED ENTRY--TOPICAL TERM |
| Topical Term |
Nutrition |
| 650 #2 - SUBJECT ADDED ENTRY--TOPICAL TERM |
| Topical Term |
Nutrition |
| 700 1# - ADDED ENTRY--PERSONAL NAME |
| Personal name |
Leathwood, Peter. |
| 700 1# - ADDED ENTRY--PERSONAL NAME |
| Personal name |
Horisberger, Marc. |
| 700 1# - ADDED ENTRY--PERSONAL NAME |
| Personal name |
James, W. P. T. |
| 942 ## - ADDED ENTRY ELEMENTS (KOHA) |
| Koha item type |
សៀវភៅភាសាអង់គ្លេស |
| 952 ## - LOCATION AND ITEM INFORMATION (KOHA) |
| Withdrawn status [LOCAL, KOHA] |
0 |